000 00638nam a2200133Ia 4500
008 171212s9999 xx 000 0 und d
020 _a9780833041852
100 _aManacapilli, Thomas;Hardison, Chaitra M.;Gifford, Brian;Bailey, Alexis;Bower, Aimee
245 _cManacapilli, Thomas;Hardison, Chaitra M.;Gifford, Brian;Bailey, Alexis;Bower, Aimee
_aCommon Battlefield Training for Airmen
260 _bRAND Corporation
_c2007
650 _aAeronautics, Military -- Study and teaching -- United States; United States. Air Force -- Airmen
650 _aManagement & Organizational Behavior
856 _uwww.jstor.org/stable/10.7249/mg624af
999 _c351875
_d351875